000 01194nam a22003375i 4500
001 13880
003 ES-MaACL
005 20250924165252.0
007 t|
008 980717s1997 sp ||||0| spa j
020 _a84-7658-508-X
040 _aM-BN
_bspa
_cM-BN
080 _a159.964.212.4
080 _a167/168
245 0 4 _aLos dioses ocultos
_b: Círculo Eranos II /
_cE. Neumann... [et al.] ; proemio de Carl G. Jung ; presentación de A. Ortíz-Osés.
250 _a1ª ed.
260 _aBarcelona :
_bAnthropos ;
_aSantafé de Bogotá :
_bUniandes,
_c1997.
300 _a221 p. :
_bil. ;
_c20 cm.
490 1 _aAutores, textos y temas. Hermeneusis ;
_v15
500 _aSelección de textos de Eranos Jahrbuch.
650 7 _aSimbolismo (Psicología)
_2embne
_917108
650 4 _aHermenéutica.
_913329
700 1 _aNeumann, Erich.
_985441
700 1 _aOrtiz-Osés, Andrés,
_d1943-2021
_987635
700 1 _aJung, Carl G.,
_d1875-1961
_967282
730 0 _aEranos Jahrbuch.
_9121217
740 0 _aCírculo Eranos II.
830 0 _aAutores, textos y temas. Hermeneusis ;
_v15
_9177421
852 _aES-MaACL
_jL-21343
_bR.126499
999 _c13880
_d13880